Minecraft Varo 2 Teilnehmer - Statistiken

Allgemein
  • Dieses Quiz wurde 722 mal gespielt
  • Das Durchschnittsergebnis liegt bei 26 aus 52
Antwortstatistiken
Hint Antwort % Korrekt
11 Paluten
94%
4 GermanLetsPlay
91%
21 ByStegi
83%
5 Ungespielt
82%
3 MinecraftExpertDE
80%
2 SparkofPhoenix
80%
7 VeniCraft
80%
10 Dner
79%
38 Rewinside
78%
6 GommeHD
77%
39 Sturmwaffel
72%
16 z0mb3y
72%
42 ConCrafter
70%
18 maudado
69%
50 KranCrafter
64%
35 CastCrafter
57%
13 HerrBergmann
57%
23 MrMoreGame
57%
48 Br4mm3n
54%
32 LetsTaddl
54%
41 AviveHD
53%
40 LPmitKev
50%
1 CraftingPat
49%
19 izzi
49%
17 DoctorBenx
48%
44 Rotpilz
48%
12 DebitorLP
47%
15 PXLWLF
47%
52 TheKedosZone
46%
20 Tobination
46%
43 PetritLP
43%
14 DelayLP
41%
27 ZanderLP
41%
29 earliboy
38%
24 AnyArtLP
36%
31 Ardymon
36%
49 MrOutback
35%
22 ZeronikHD
33%
8 QuotenKadl
32%
36 Skate702
32%
30 H0llyLP
31%
28 BaluiLP
30%
34 TOMSHUFFLE
28%
46 Hallodri
27%
47 TheDeadsheap
27%
26 WolfWins
27%
9 GamerKlinik
26%
51 EinQuantumPro
24%
45 KiwiKilian
24%
37 NichtNilo
22%
33 SergeantMax
20%
25 DerKunga
19%
Keine übereinstimmenden Quizze gefunden
Verteilung der Resultate
Anzahl Personen mit jedem Resultat
Perzentil nach korrekt beantworteten Fragen
Ihre Resultats-Entwicklung
Sie haben dieses Quiz noch nicht gespielt